| 000 | 00371nam a22001337a 4500 | ||
|---|---|---|---|
| 005 | 20260313090505.0 | ||
| 008 | 260313b |||||||| |||| 00| 0 eng d | ||
| 020 | _a9789352696482 | ||
| 100 | _aKumar Sarvendra | ||
| 245 |
_aExperimental Physics _c/Sarvendra Kumar |
||
| 260 |
_aNew Delhi; _bRandom Publications; _c2020 |
||
| 300 |
_aviii, 298p. ill; _c24cm |
||
| 942 |
_2ddc _cBK _n0 |
||
| 999 |
_c186 _d186 |
||